000 00337 a2200157 4500
001 152338
040 _cEscola São Tomás de Aquino
100 _aCAMPOS, Paulo Mendes
240 1 0 _aCrônicas 2
_lpor
245 1 0 _aCrônicas 2
300 _a80
362 0 _a2010
440 1 _aÁtica
697 _a*LITERATURA JUVENIL
942 _cBK
999 _c152338
_d152338